Convert the fraction into decimal: 10/? - Statistics

General Stats
  • This quiz has been taken 12 times
  • The average score is 9 of 10
Answer Stats
Fraction Decimal % Correct
10/10 1.00
100%
10/1 10.00
100%
10/3 3.33...
100%
10/2 5.00
100%
10/9 1.11...
88%
10/8 1.25
88%
10/6 1.66...
88%
10/5 2.00
88%
10/4 2.50
88%
10/7 1.42...
75%
No matching quizzes found
Score Distribution
Percent of People with Each Score
Percentile by Number Answered
Your Score History
You have not taken this quiz